MARC

LEADER 00000nam0a2200000 4500
001 86954
005 20231031101940.0
035 |a (RuTPU)RU\TPU\book\93360 
090 |a 86954 
100 |a 20051202d1955 km y0rusy50 ca 
101 0 |a rus 
102 |a RU 
105 |a a z 000zy 
200 1 |a Электрогидравлический эффект  |f Л. А. Юткин 
210 |a Москва  |c Машгиз  |d 1955  |a Ленинград 
215 |a 50 с.  |c ил. 
610 1 |a физика 
610 1 |a электрогидравлический эффект 
610 1 |a эксперименты 
610 1 |a устройства 
610 1 |a использование 
610 1 |a долота 
610 1 |a режущий инструмент 
610 1 |a форсунки 
675 |a 537.528  |v 3 
700 1 |a Юткин  |b Л. А. 
801 1 |a RU  |b 63413507  |c 20051202  |g PSBO 
801 2 |a RU  |b 63413507  |c 20210620  |g PSBO 
900 |a Электроразрядные технологии обработки и разрушения материалов 
942 |c BK